[Event "POR-ch U18"]
[Site "Luso"]
[Date "2015.07.23"]
[Round "3"]
[White "Duarte, Filipe Lapa"]
[Black "Dias, Fabio Miguel Piment"]
[Result "1-0"]
[WhiteElo "1398"]
[BlackElo "1575"]
[PlyCount "139"]
[EventDate "2015.07.22"]
[EventType "swiss"]
[EventRounds "7"]
[EventCountry "POR"]
[SourceTitle "EXT 2018"]
[Source "ChessBase"]
[SourceDate "2017.10.13"]
[SourceVersion "1"]
[SourceVersionDate "2017.10.13"]
[SourceQuality "1"]

1. e4 e5 2. Nf3 Nc6 3. Bb5 a6 4. Bxc6 dxc6 5. h3 Bc5 6. d3 Nf6 7. Be3 Qd6 8. Qd2 Be6 9. Bxc5 Qxc5 10. Qc3 Qxc3+ 11. Nxc3 0-0-0 12. Nxe5 Rhe8 13. Nf3 c5 14. Ng5 c4 15. 0-0-0 cxd3 16. Rxd3 Bc4 17. Rxd8+ Rxd8 18. Rd1 Rxd1+ 19. Kxd1 b6 20. b3 Bf1 21. Nxf7 Bxg2 22. e5 Nd7 23. h4 Bf3+ 24. Kd2 Bh5 25. e6 Nf6 26. Ke3 Bg6 27. Kd2 b5 28. a3 Bf5 29. e7 Kd7 30. Ne5+ Kxe7 31. Nd3 Ne4+ 32. Nxe4 Bxe4 33. Nc5 Bd5 34. Nxa6 c6 35. Nb4 Bh1 36. Nd3 Kf6 37. Ke3 Bd5 38. Nb4 Bg2 39. f3 Kg6 40. Nxc6 Kh5 41. a4 bxa4 42. bxa4 Kxh4 43. Nd4 Kg5 44. a5 Bh3 45. a6 Bc8 46. a7 Bb7 47. c4 Kf6 48. c5 Ke7 49. c6 Ba8 50. c7 Kd7 51. Nb5 Kc8 52. Kf4 Kd7 53. Kg3 g6 54. f4 h5 55. Kh4 Kc8 56. Kg5 Kd7 57. f5 gxf5 58. Kxf5 h4 59. Kg4 h3 60. Kxh3 Kc8 61. Kg4 Kd7 62. Kf5 Kc8 63. Ke6 Kb7 64. Kd7 Kb6 65. c8Q Kxb5 66. Qxa8 Ka6 67. Qc6+ Kxa7 68. Qb5 Ka8 69. Kc7 Ka7 70. Qb7# 1-0

[Event "POR-ch U14"]
[Site "Torres Vedras"]
[Date "2011.04.11"]
[Round "3"]
[White "Dias, Fabio Miguel Piment"]
[Black "Ferreira, Luis Pedro Oliveira"]
[Result "1-0"]
[WhiteElo "1540"]
[BlackElo "1696"]
[PlyCount "104"]
[EventDate "2011.04.10"]
[EventType "swiss"]
[EventRounds "7"]
[EventCountry "POR"]
[SourceTitle "EXT 2015"]
[Source "ChessBase"]
[SourceDate "2014.11.20"]
[SourceVersion "1"]
[SourceVersionDate "2014.11.20"]
[SourceQuality "1"]

1. e4 e6 2. d4 d5 3. exd5 exd5 4. Nc3 c6 5. Nf3 Bd6 6. Bd3 Bg4 7. Qe2+ Ne7 8. 0-0 0-0 9. Nd1 Nd7 10. Ne3 Bh5 11. Qd1 Qc7 12. h3 Nf6 13. Be2 Ne4 14. Nd2 Bg6 15. Nxe4 Bxe4 16. Bd3 f5 17. f3 Bxd3 18. Qxd3 f4 19. Ng4 Nf5 20. Re1 Ng3 21. c3 Kh8 22. Bd2 Rf5 23. Rec1 Qf7 24. Be1 h5 25. Nh2 Rf8 26. Bxg3 fxg3 27. Nf1 g5 28. Ne3 Rf4 29. Rf1 Qg7 30. Rae1 R4f7 31. Re2 Qh6 32. Rfe1 Rg8 33. Nf5 Qh7 34. Nxd6 Qxd3 35. Nxf7+ Kg7 36. Nxg5 Kg6 37. h4 Rf8 38. Ne6 Rf6 39. Ng5 b5 40. Ne6 Qf5 41. a3 a5 42. Re5 Qc2 43. R5e2 Qd3 44. Re3 Qc4 45. Kh1 b4 46. cxb4 axb4 47. b3 Qc2 48. axb4 Qd2 49. b5 Rxf3 50. Nf8+ Kg7 51. Re7+ Kxf8 52. Re8+ Kg7 1-0